Ekonomické aspekty hodnotenia developerského projektu diplomová práca

Guardado en:
Detalles Bibliográficos
Autor principal: Vaškovičová, Renáta
Autor Corporativo: Fakulta podnikového manažmentu EU. Katedra podnikovohospodárska
Otros Autores: Kardoš, Peter
Formato: Libro
Lenguaje:eslovaco
Publicado: Bratislava 2017
Etiquetas: Agregar Etiqueta
Sin Etiquetas, Sea el primero en etiquetar este registro!

MARC

LEADER 00000nbm a2200000 4500
001 0232495
005 20171030111505.5
041 0 |a slo 
044 |a SK 
245 1 0 |a Ekonomické aspekty hodnotenia developerského projektu  |b diplomová práca  |c Renáta Vaškovičová ; školiteľ: Peter Kardoš 
264 1 |a Bratislava  |c 2017 
300 |a 89 s. 
100 1 |a Vaškovičová, Renáta 
700 1 |a Kardoš, Peter 
710 2 |a Fakulta podnikového manažmentu EU. Katedra podnikovohospodárska